000 00368 a2200157 4500
001 44632
020 _a
040 _cAnchieta - Aquarius
100 _aGouveia, Luis Augusto
240 1 0 _aOs 10 mandamentos de segurança
_lpor
245 1 0 _aOs 10 mandamentos de segurança
300 _a20
362 0 _a2007
650 4 _aLiteratura infanto-juvenil
942 _cBK
999 _c44632
_d44632